Les Réponses en A [QUIZZ FR] - Statistiques

Statistiques générales
  • Ce quiz a été pris 475 fois
  • Le résultat moyen est 10 sur 15
Statistiques - réponses
Indice Réponse % Correct
Langue parlée au Maghreb Arabe
92%
Prénom de l'acteur français : Chabat Alain
91%
Le pays d'origine de Lionel Messi Argentine
91%
Il gère les fautes et le jeu Arbitre
89%
Non présent Absent
86%
Petit pays se situant au Nord-Est de l'Espagne Andorre
86%
Attire le fer Aimant
77%
Les profondeurs de l'océan Abysses
72%
Lama des montagnes, utilisé pour certaines fourrures Alpaga
69%
Fléau des adolescents... Acné
67%
Au hasard Aléatoire
60%
Souvent rouge, ce signal indique un danger Alerte
50%
Petit insecte Abeille
41%
Ce légume est en fait une fleur Artichaut
38%
Prénom du concierge de Poudlard : Rusard Argus
30%
Aucun quiz correspondant
Distribution des résultats
% des personnes avec chaque résultat
Percentile par nombre de réponses
Votre historique - résultats
Vous n’avez pas pris ce quiz